[Event "Catalunya-chT Gp1"]
[Site "Barcelona"]
[Date "2023.02.25"]
[Round "6.6"]
[White "Fernandez Serrano, Pau"]
[Black "Pereira, Ruben Miguel Nunes"]
[Result "1/2-1/2"]
[WhiteElo "2075"]
[BlackElo "2443"]
[PlyCount "100"]
[EventDate "2023.01.21"]
[EventType "team-tourn"]
[EventRounds "7"]
[EventCountry "ESP"]
[SourceTitle "CBM 213 Extra"]
[Source "ChessBase"]
[SourceDate "2023.05.31"]
[SourceVersion "1"]
[SourceVersionDate "2023.05.31"]
[SourceQuality "1"]
[WhiteTeam "Badalona Cor de Marina"]
[BlackTeam "Barbera"]
[WhiteTeamCountry "ESP"]
[BlackTeamCountry "ESP"]

1. d4 Nf6 2. Bf4 g6 3. e3 Bg7 4. Nf3 0-0 5. Be2 d6 6. h3 Nfd7 7. 0-0 e5 8. Bh2 f5 9. c4 Nc6 10. Nc3 g5 11. dxe5 dxe5 12. Qd5+ Kh8 13. Rad1 Qe7 14. Qb5 a6 15. Qa4 Nb6 16. Qc2 Be6 17. Nd5 Nxd5 18. cxd5 Nb4 19. Qa4 Bxd5 20. Bxe5 Bxe5 21. Nxe5 b5 22. Qa3 Qxe5 23. Qxb4 c6 24. b3 f4 25. e4 Qxe4 26. Qc3+ Kg8 27. Bf3 Qf5 28. Bxd5+ cxd5 29. Rd4 f3 30. g4 Qf6 31. Qd2 Rad8 32. Rd1 Rfe8 33. Rxd5 Rxd5 34. Qxd5+ Kg7 35. a4 Re5 36. Qd7+ Re7 37. Qd5 bxa4 38. bxa4 h6 39. Qd4 Re1+ 40. Kh2 Rxd1 41. Qxd1 Kf8 42. Qc2 Qe5+ 43. Kg1 Ke7 44. Qh7+ Kd8 45. Qd3+ Kc7 46. Qxa6 Qa1+ 47. Kh2 Qe5+ 48. Kg1 Qa1+ 49. Kh2 Qe5+ 50. Kg1 Qa1+ 1/2-1/2

[Event "Catalunya-chT Gp1"]
[Site "Barcelona"]
[Date "2020.02.29"]
[Round "7.10"]
[White "De Azua Arpi, Rafael"]
[Black "Fernandez Serrano, Pau"]
[Result "0-1"]
[WhiteElo "1970"]
[BlackElo "2056"]
[PlyCount "52"]
[EventDate "2020.01.18"]
[EventType "team-tourn"]
[EventRounds "7"]
[EventCountry "ESP"]
[SourceTitle "CBM 195 Extra"]
[Source "ChessBase"]
[SourceDate "2020.05.31"]
[SourceVersion "1"]
[SourceVersionDate "2020.05.31"]
[SourceQuality "1"]
[WhiteTeam "Gerunda"]
[BlackTeam "Badalona Cor de Marina"]
[WhiteTeamCountry "ESP"]
[BlackTeamCountry "ESP"]

1. d4 g6 2. Bf4 Bg7 3. e3 d6 4. Nf3 Nd7 5. Nbd2 e5 6. Bg3 Nh6 7. c3 Nf5 8. Bd3 Nxg3 9. hxg3 Qe7 10. Qe2 Nb6 11. dxe5 dxe5 12. e4 Bg4 13. 0-0 h5 14. Qe1 0-0-0 15. Bc2 Bh6 16. a4 h4 17. a5 Na8 18. Nc4 Bxf3 19. gxf3 hxg3 20. fxg3 Qc5+ 21. Qf2 Qxc4 22. Qxa7 Qa6 23. Qc5 Rd2 24. Rf2 Rxf2 25. Qxe5 Rg2+ 26. Kh1 Bg7+ 0-1

[Event "Catalunya-chT Gp1"]
[Site "Barcelona"]
[Date "2020.01.18"]
[Round "1.9"]
[White "Fernandez Serrano, Pau"]
[Black "Comellas Blanchart, Jordi"]
[Result "0-1"]
[WhiteElo "2056"]
[BlackElo "2125"]
[PlyCount "82"]
[EventDate "2020.01.18"]
[EventType "team-tourn"]
[EventRounds "7"]
[EventCountry "ESP"]
[SourceTitle "CBM 194 Extra"]
[Source "ChessBase"]
[SourceDate "2020.03.31"]
[SourceVersion "1"]
[SourceVersionDate "2020.03.31"]
[SourceQuality "1"]
[WhiteTeam "Badalona Cor de Marina"]
[BlackTeam "Tres Peons"]
[WhiteTeamCountry "ESP"]
[BlackTeamCountry "ESP"]

1. d4 Nf6 2. Bf4 g6 3. e3 Bg7 4. Nf3 0-0 5. Be2 d6 6. h3 c5 7. Nbd2 Nc6 8. c3 cxd4 9. exd4 e5 10. dxe5 dxe5 11. Be3 Re8 12. Nc4 Nd5 13. Bg5 f6 14. Bh4 Be6 15. 0-0 Nf4 16. Ne3 Qxd1 17. Bxd1 Rad8 18. Ba4 g5 19. Bg3 e4 20. Bxc6 Ne2+ 21. Kh2 bxc6 22. Ne1 f5 23. Bc7 Rd2 24. N3c2 Bc4 25. Ne3 Be6 26. N3c2 f4 27. Ba5 Rd5 28. Bb4 a5 29. Ba3 Rd2 30. Bc5 Rb8 31. Ba3 Bf5 32. Be7 h6 33. Na3 Be6 34. Nac2 Rxb2 35. Rb1 Rdxc2 36. Nxc2 Rxc2 37. Rb7 Nxc3 38. Bd8 Bd4 39. Bxa5 e3 40. Re7 Bf7 41. Rd7 Rxf2 0-1

[Event "Catalunya-chT Gp2"]
[Site "Barcelona"]
[Date "2019.01.26"]
[Round "2.8"]
[White "Fernandez Serrano, Pau"]
[Black "Serrat Rifa, Ernest"]
[Result "1-0"]
[WhiteElo "2033"]
[BlackElo "2124"]
[PlyCount "105"]
[EventDate "2019.01.19"]
[EventType "team-tourn"]
[EventRounds "7"]
[EventCountry "ESP"]
[SourceTitle "CBM 188 Extra"]
[Source "ChessBase"]
[SourceDate "2019.02.26"]
[SourceVersion "1"]
[SourceVersionDate "2019.02.26"]
[SourceQuality "1"]
[WhiteTeam "Sant Josep de Badalona"]
[BlackTeam "Olot"]
[WhiteTeamCountry "ESP"]
[BlackTeamCountry "ESP"]

1. d4 d5 2. Bf4 Nd7 3. Nf3 Ngf6 4. e3 e6 5. Nbd2 Be7 6. Bd3 c5 7. c3 c4 8. Bc2 b5 9. a3 Bb7 10. h3 0-0 11. 0-0 a5 12. Ne5 Ne4 13. Nxe4 dxe4 14. Qb1 f5 15. b3 Nxe5 16. Bxe5 Bd5 17. Qa2 Ra6 18. a4 cxb3 19. Bxb3 b4 20. c4 Bb7 21. Rac1 Qd7 22. Rfd1 Rd8 23. Rc2 Kf7 24. Rdc1 Bd6 25. Bxd6 Qxd6 26. d5 Qc5 27. Rd2 exd5 28. Rcd1 Rad6 29. cxd5 R8d7 30. Rc2 Qb6 31. Qb2 Qd8 32. Rc5 Bxd5 33. Rcxd5 Rxd5 34. Qe5 Kg6 35. Rxd5 Rxd5 36. Qxd5 Qc7 37. g4 fxg4 38. hxg4 Qc1+ 39. Kg2 Qc8 40. Qxe4+ Kf6 41. Qd4+ Kg6 42. Qd6+ Kg5 43. Qe7+ Kh6 44. Qe6+ Qxe6 45. Bxe6 Kg5 46. Kg3 Kf6 47. Bb3 Ke5 48. f3 h6 49. Kh4 g6 50. g5 h5 51. Bf7 Kf5 52. Bb3 Ke5 53. Bc2 1-0

[Event "Catalunya-chT Gp2"]
[Site "Barcelona"]
[Date "2018.02.24"]
[Round "6.7"]
[White "Fernandez Serrano, Pau"]
[Black "Bautista Sanchez, Joan"]
[Result "1/2-1/2"]
[WhiteElo "1991"]
[BlackElo "2082"]
[PlyCount "98"]
[EventDate "2018.01.20"]
[EventType "team-tourn"]
[EventRounds "7"]
[EventCountry "ESP"]
[SourceTitle "EXT 2019"]
[Source "ChessBase"]
[SourceDate "2018.10.10"]
[SourceVersion "1"]
[SourceVersionDate "2018.10.10"]
[SourceQuality "1"]
[WhiteTeam "Sant Josep de Badalona"]
[BlackTeam "Sant Andreu"]
[WhiteTeamCountry "ESP"]
[BlackTeamCountry "ESP"]

1. d4 c6 2. Nf3 Nf6 3. Bf4 g6 4. e3 Bg7 5. Nbd2 d5 6. Bd3 Bg4 7. h3 Bxf3 8. Qxf3 Qb6 9. Rb1 Nbd7 10. 0-0 0-0 11. c3 Rfe8 12. Bh2 e5 13. Qd1 c5 14. dxe5 Nxe5 15. Bc2 Rad8 16. Nf3 Nxf3+ 17. Qxf3 Ne4 18. Rfd1 f5 19. Bf4 Kf8 20. Bxe4 dxe4 21. Qe2 Qe6 22. Qb5 b6 23. Bg5 Bf6 24. Bxf6 Qxf6 25. a4 Qe7 26. a5 Qc7 27. a6 Re7 28. Rxd8+ Qxd8 29. Qc6 Qd7 30. Qf6+ Kg8 31. c4 Re6 32. Qc3 Rd6 33. Kh2 Rd2 34. Kg1 Qd6 35. Rf1 Rd3 36. Qc2 Kf7 37. Qa4 Ke7 38. b3 Qf6 39. b4 cxb4 40. Qxb4+ Qd6 41. Qb2 Qf6 42. Qb4+ Kf7 43. c5 bxc5 44. Qc4+ Kg7 45. Rb1 Rd7 46. Rb7 Qa1+ 47. Kh2 Qe5+ 48. Kh1 Qa1+ 49. Kh2 Qe5+ 1/2-1/2

[Event "Catalunya-chT Gp2"]
[Site "Barcelona"]
[Date "2017.01.28"]
[Round "2.9"]
[White "Fernandez Serrano, Pau"]
[Black "Yepes Martinez, Eduardo"]
[Result "0-1"]
[WhiteElo "2047"]
[BlackElo "2194"]
[PlyCount "53"]
[EventDate "2017.01.21"]
[EventType "team-tourn"]
[EventRounds "7"]
[EventCountry "ESP"]
[SourceTitle "CBM 176 Extra"]
[Source "ChessBase"]
[SourceDate "2017.03.02"]
[SourceVersion "1"]
[SourceVersionDate "2017.03.02"]
[SourceQuality "1"]
[WhiteTeam "Sant Josep de Badalona"]
[BlackTeam "Foment Martinenc"]
[WhiteTeamCountry "ESP"]
[BlackTeamCountry "ESP"]

1. d4 e6 2. Bf4 f5 3. e3 Nf6 4. Nf3 d6 5. Bc4 Qe7 6. Nc3 g6 7. Qe2 Bg7 8. 0-0 Nc6 9. a4 0-0 10. a5 a6 11. d5 Nd8 12. dxe6 Bxe6 13. Bg5 Qf7 14. Nd2 h6 15. Bf4 g5 16. Bg3 d5 17. Bb3 Ne4 18. Na4 Nxd2 19. Qxd2 d4 20. Bxe6 Nxe6 21. f4 dxe3 22. Qb4 Rad8 23. c3 Rd2 24. Rae1 gxf4 25. Bxf4 Nxf4 26. Qxf4 Qd5 27. Rxe3 0-1

[Event "Catalunya-chT Gp1"]
[Site "Barcelona"]
[Date "2016.02.27"]
[Round "6.1"]
[White "Fernandez Serrano, Pau"]
[Black "Castells Aloy, Jordi"]
[Result "1/2-1/2"]
[WhiteElo "2061"]
[BlackElo "1969"]
[PlyCount "132"]
[EventDate "2016.01.23"]
[EventType "team-tourn"]
[EventRounds "7"]
[EventCountry "ESP"]
[SourceTitle "EXT 2017"]
[Source "ChessBase"]
[SourceDate "2016.10.25"]
[SourceVersion "1"]
[SourceVersionDate "2016.10.25"]
[SourceQuality "1"]
[WhiteTeam "Sant Josep de Badalona"]
[BlackTeam "Catalunya"]
[WhiteTeamCountry "ESP"]
[BlackTeamCountry "ESP"]

1. d4 Nf6 2. Bf4 g6 3. e3 Bg7 4. Nf3 0-0 5. h3 c5 6. Nbd2 b6 7. c3 Bb7 8. Be2 d6 9. 0-0 Nbd7 10. a4 Re8 11. Bh2 e5 12. Nc4 Ne4 13. dxe5 Nxe5 14. Nfxe5 dxe5 15. f3 Ng5 16. Nd6 Re7 17. Nxb7 Rxb7 18. Bb5 Qe7 19. Qe2 Rd8 20. Rfd1 Rbb8 21. Bc4 Kf8 22. Bd5 Ne6 23. Bg3 Nc7 24. c4 f5 25. e4 f4 26. Bf2 a5 27. Rd2 Rd6 28. Rad1 Rbd8 29. Kh2 Bf6 30. Qe1 Bg5 31. Kh1 h5 32. Kh2 h4 33. Kh1 Bf6 34. Qe2 g5 35. Be1 Na6 36. Rd3 Qc7 37. Bc3 Qe7 38. Qc2 Qc7 39. R3d2 Qe7 40. Qb3 Nc7 41. Qc2 Na6 42. Rd3 Qc7 43. R1d2 Qe7 44. Qc1 Kg7 45. Qd1 Kf8 46. Bc6 Rxd3 47. Rxd3 Rxd3 48. Qxd3 Nc7 49. Bd5 Qd6 50. Qd2 Bd8 51. Qc2 Bf6 52. Qb3 Bd8 53. Qc2 Bf6 54. Qc1 Bd8 55. Qb1 Bf6 56. Qa1 Na6 57. Qd1 Bd8 58. Qa1 Bf6 59. Qa3 Bd8 60. Kh2 Bf6 61. Be1 Bd8 62. Qc3 Bf6 63. Qb3 Nc7 64. Bc3 Kg7 65. Be1 Kf8 66. Qc2 Kg7 1/2-1/2

[Event "Catalunya-chT Gp1"]
[Site "Barcelona"]
[Date "2016.02.20"]
[Round "5.1"]
[White "Fernandez Serrano, Pau"]
[Black "Vives Jaume, Oriol"]
[Result "0-1"]
[WhiteElo "2061"]
[BlackElo "2083"]
[PlyCount "108"]
[EventDate "2016.01.23"]
[EventType "team-tourn"]
[EventRounds "7"]
[EventCountry "ESP"]
[SourceTitle "EXT 2017"]
[Source "ChessBase"]
[SourceDate "2016.10.25"]
[SourceVersion "1"]
[SourceVersionDate "2016.10.25"]
[SourceQuality "1"]
[WhiteTeam "Sant Josep de Badalona"]
[BlackTeam "Cerdanyola Valles"]
[WhiteTeamCountry "ESP"]
[BlackTeamCountry "ESP"]

1. d4 d5 2. Bf4 c5 3. e3 Qb6 4. Nc3 e6 5. Nb5 Na6 6. a4 cxd4 7. exd4 Nf6 8. c3 Be7 9. Bd3 0-0 10. Nf3 Bd7 11. Qe2 Bxb5 12. axb5 Nc7 13. 0-0 Rfc8 14. Ra2 a5 15. Rfa1 Nce8 16. Ne5 Bd6 17. Be3 Qd8 18. Bg5 Qc7 19. f4 Ne4 20. b6 Qxb6 21. Bxe4 dxe4 22. Qxe4 Qc7 23. Bh4 b6 24. Rf1 f5 25. Qe3 Bxe5 26. dxe5 b5 27. Raa1 Qa7 28. Qxa7 Rxa7 29. Rfd1 Rc4 30. Bf2 Ra8 31. g3 b4 32. cxb4 Rxb4 33. Bd4 a4 34. Bc3 Rb3 35. Ra3 Rxa3 36. bxa3 Nc7 37. Bb4 Nd5 38. Bd6 h6 39. h4 Rc8 40. Rd4 Rc1+ 41. Kf2 Nc3 42. Kf3 Ne4 43. Rxa4 Rc3+ 44. Kg2 Rxg3+ 45. Kh2 Rg4 46. Ra8+ Kh7 47. Ra7 Rxh4+ 48. Kg2 Rxf4 49. Bf8 Rg4+ 50. Kh3 h5 51. a4 f4 52. a5 f3 53. Rb7 f2 54. Rb1 Nd2 0-1

[Event "Catalunya-chT GpA final"]
[Site "Barcelona"]
[Date "2015.04.11"]
[Round "10.2"]
[White "Obon Temprano, Sergi"]
[Black "Fernandez Serrano, Pau"]
[Result "1-0"]
[WhiteElo "2268"]
[BlackElo "2130"]
[PlyCount "107"]
[EventDate "2015.03.14"]
[EventType "team-tourn"]
[EventRounds "11"]
[EventCountry "ESP"]
[SourceTitle "EXT 2016"]
[Source "ChessBase"]
[SourceDate "2015.10.08"]
[SourceVersion "1"]
[SourceVersionDate "2015.10.08"]
[SourceQuality "1"]
[WhiteTeam "Barbera"]
[BlackTeam "Sant Josep de Badalona"]
[WhiteTeamCountry "ESP"]
[BlackTeamCountry "ESP"]

1. d4 g6 2. Nf3 Bg7 3. c3 d6 4. Bg5 Nd7 5. Nbd2 c5 6. e3 Qa5 7. Qb3 Ngf6 8. Bc4 0-0 9. 0-0 Nb6 10. Be2 Be6 11. Qc2 Rac8 12. dxc5 Qxc5 13. e4 Qa5 14. Rfe1 Rc7 15. Bf4 Nfd7 16. Ng5 Bc4 17. Nxc4 Nxc4 18. Bxc4 Rxc4 19. Qb3 Nb6 20. Be3 Rc6 21. Nf3 Rfc8 22. Nd4 Rc5 23. a4 Nc4 24. Qxb7 Nxe3 25. Nb3 Qc7 26. Nxc5 Qxb7 27. Nxb7 Nc2 28. Na5 Nxe1 29. Rxe1 Rb8 30. Nc4 Kf8 31. Kf1 Ke8 32. Ke2 Kd7 33. Kd3 h5 34. b4 Rc8 35. Rc1 e6 36. Ne3 Kc6 37. Nc2 Be5 38. Nd4+ Kb6 39. g3 Bxd4 40. Kxd4 Rc7 41. c4 Rd7 42. a5+ Ka6 43. Ra1 Kb7 44. b5 Rc7 45. Rd1 Rc5 46. Kc3 Kc7 47. f4 h4 48. Kb4 Rh5 49. g4 Rh8 50. e5 dxe5 51. fxe5 h3 52. c5 Rh4 53. Rd4 Kc8 54. c6 1-0

[Event "Catalunya-chT"]
[Site "Catalunya"]
[Date "2014.02.01"]
[Round "2.3"]
[White "Fernandez Serrano, Pau"]
[Black "Ferret Soler, Antoni"]
[Result "1-0"]
[WhiteElo "2130"]
[BlackElo "1890"]
[PlyCount "88"]
[EventDate "2014.01.25"]
[EventType "team"]
[EventRounds "11"]
[EventCountry "ESP"]
[SourceTitle "CBM 158 Extra"]
[Source "ChessBase"]
[SourceDate "2014.02.28"]
[SourceVersion "1"]
[SourceVersionDate "2014.02.28"]
[SourceQuality "1"]
[WhiteTeam "Badalona Sant Josep"]
[BlackTeam "Sitges"]
[WhiteTeamCountry "ESP"]
[BlackTeamCountry "ESP"]

1. d4 g6 2. Bf4 Bg7 3. e3 d6 4. Nf3 Nf6 5. Be2 0-0 6. 0-0 Nc6 7. h3 Nd7 8. Bh2 e5 9. a4 a5 10. Na3 e4 11. Nd2 Qe7 12. Nb5 Nf6 13. Qb1 Na7 14. c4 Nxb5 15. axb5 b6 16. b4 Bb7 17. bxa5 Rxa5 18. Rxa5 bxa5 19. Qa1 Ra8 20. Qa3 Bf8 21. Ra1 c5 22. Qc3 cxd4 23. exd4 a4 24. Bf4 Nd7 25. Be3 Bg7 26. Qc1 f5 27. Nb1 f4 28. Bxf4 Bxd4 29. Ra2 Nc5 30. Bg5 Qe5 31. Bf4 Qf6 32. Be3 Nb3 33. Qd1 Bxe3 34. fxe3 Qg5 35. Qxd6 Qxe3+ 36. Kh2 Nc1 37. Qe6+ Kf8 38. Qf6+ Ke8 39. Qe6+ Kf8 40. Qf6+ Ke8 41. Qh8+ Kf7 42. Qxh7+ Kf6 43. Qh4+ Kg7 44. Rd2 Nxe2 1-0

[Event "Catalunya-chT"]
[Site "Catalunya"]
[Date "2012.03.24"]
[Round "9.9"]
[White "Fernandez Serrano, Pau"]
[Black "Parals Marce, Luis"]
[Result "1/2-1/2"]
[WhiteElo "2167"]
[BlackElo "2022"]
[PlyCount "59"]
[EventDate "2012.01.28"]
[EventType "team-tourn"]
[EventRounds "11"]
[EventCountry "ESP"]
[SourceTitle "EXT 2013"]
[Source "ChessBase"]
[SourceDate "2012.11.22"]
[SourceVersion "1"]
[SourceVersionDate "2012.11.22"]
[SourceQuality "1"]
[WhiteTeam "Badalona Sant Josep"]
[BlackTeam "Figueres"]
[WhiteTeamCountry "ESP"]
[BlackTeamCountry "ESP"]

1. d4 Nf6 2. Bf4 d5 3. e3 e6 4. Nf3 Be7 5. Bd3 c5 6. c3 0-0 7. Nbd2 b6 8. Ne5 Bb7 9. Qf3 Nbd7 10. Qh3 c4 11. Bc2 b5 12. Ndf3 Ne4 13. Nxd7 Qxd7 14. Ne5 Qd8 15. f3 Nf6 16. Bg5 Re8 17. Bxf6 Bxf6 18. Qxh7+ Kf8 19. Qh5 Bxe5 20. Qxe5 Qb8 21. Qh5 g6 22. Qh6+ Ke7 23. Qg5+ Kd7 24. f4 Qd8 25. Qxd8+ Raxd8 26. g4 f5 27. h4 Rh8 28. Kf2 a5 29. h5 gxh5 30. gxh5 1/2-1/2

[Event "Barcelona op-A"]
[Site "Barcelona"]
[Date "1998.??.??"]
[Round "6"]
[White "Fernandez Serrano, Pau"]
[Black "Escuder Vilaltella, Jordi"]
[Result "0-1"]
[WhiteElo "2150"]
[BlackElo "2315"]
[PlyCount "101"]
[EventDate "1998.??.??"]
[EventType "swiss"]
[EventRounds "8"]
[EventCountry "ESP"]
[SourceTitle "EXT 2019"]
[Source "ChessBase"]
[SourceDate "2018.10.10"]
[SourceVersion "1"]
[SourceVersionDate "2018.10.10"]
[SourceQuality "1"]

1. d4 Nf6 2. Bf4 d6 3. e3 g6 4. Nf3 Bg7 5. h3 0-0 6. Be2 b6 7. 0-0 c5 8. c3 Bb7 9. a4 Nc6 10. Qb3 Rc8 11. Nbd2 Na5 12. Qa2 Nc6 13. Rfe1 Qe8 14. Bh2 Nd7 15. Rad1 Rd8 16. Nc4 Nf6 17. a5 b5 18. a6 Bc8 19. Na3 b4 20. Nb5 cxd4 21. cxd4 Qd7 22. Rc1 Ne8 23. Qc4 Nb8 24. Qxb4 Nxa6 25. Qa5 Nf6 26. Nxd6 exd6 27. Bxa6 Bxa6 28. Qxa6 Rfe8 29. Re2 Ne4 30. Qa5 Bh6 31. Rc7 Qe6 32. Nd2 Rc8 33. Nxe4 Rxc7 34. Qxc7 Rc8 35. Qa5 Qxe4 36. Bxd6 Qb1+ 37. Kh2 Qd3 38. Qd2 Qf5 39. b4 Bg5 40. Qa2 h5 41. Qxa7 Qd3 42. Ra2 Qe4 43. b5 Qe8 44. Bc5 h4 45. b6 Bxe3 46. fxe3 Qxe3 47. Bd6 Rc1 48. Qxf7+ Kxf7 49. Ra7+ Kg8 50. Ra8+ Kf7 51. Ra7+ 0-1

[Event "Barcelona op-A"]
[Site "Barcelona"]
[Date "1998.??.??"]
[Round "5"]
[White "Fernandez Serrano, Pau"]
[Black "Llopis de Aysa, Manuel"]
[Result "0-1"]
[WhiteElo "2150"]
[BlackElo "2270"]
[PlyCount "82"]
[EventDate "1998.??.??"]
[EventType "swiss"]
[EventRounds "8"]
[EventCountry "ESP"]
[SourceTitle "EXT 2019"]
[Source "ChessBase"]
[SourceDate "2018.10.10"]
[SourceVersion "1"]
[SourceVersionDate "2018.10.10"]
[SourceQuality "1"]

1. d4 d6 2. Bf4 g6 3. e3 Bg7 4. Nf3 Nd7 5. Be2 e5 6. Bg5 Ngf6 7. 0-0 h6 8. Bh4 g5 9. Bg3 Ne4 10. Nbd2 Nxg3 11. hxg3 0-0 12. c3 f5 13. Qc2 e4 14. Ne1 Nf6 15. b4 Qe7 16. Qb3+ Be6 17. Bc4 d5 18. Be2 c6 19. a4 Qd6 20. Nc2 Rf7 21. c4 h5 22. c5 Qc7 23. b5 f4 24. gxf4 gxf4 25. a5 fxe3 26. Nxe3 cxb5 27. Qxb5 Ng4 28. Nxg4 Bxg4 29. Bxg4 hxg4 30. Qb4 Bh6 31. Rae1 Rh7 32. Nxe4 dxe4 33. Rxe4 Bg7 34. g3 Qc6 35. Qc4+ Kh8 36. Rfe1 Rf8 37. Qf1 Bxd4 38. R1e2 Bg7 39. Qg2 Qxc5 40. Rxg4 Qc6 41. Qf1 Rh1# 0-1